000 00321nam a22001337a 4500
020 _aNA
082 _222
_a621.38120
100 _aHorenstein mark N.
245 _aMicroelectronic circuits and devices /
250 _a2nd
260 _a Prentice Hall,
_bPrentice Hall,
_cc1990
300 _aNA
_bNA
_c24cm.
942 _2ddc
_cEE
999 _c2681
_d2681